000 00272nam a22001217a 4500
003 OSt
008 240807b |||||||| |||| 00| 0 eng d
100 _aKumar, Neeraj
245 _aAgricultural Technology Module
260 _aPusa
_c2010
300 _a240
942 _2ddc
_cBK
999 _c43640
_d43640